000 00291nam a22001097a 4500
082 _a415
100 _aSingh, Dr. Ashok Kumar
_966873
245 _aA Mirror Of Comman Errors
_b(Anglo-Hindi)
260 _aPatna
_bStudents' Friends Educational Publishers
_c2023
650 _aGrammar
942 _cBK
999 _c66537
_d66537